| 000 | 00482nam a22001937a 4500 | ||
|---|---|---|---|
| 003 | MPLRDC | ||
| 005 | 20220104143028.0 | ||
| 008 | 210129b ||||| |||| 00| 0 eng d | ||
| 020 | _a978-957-686-563-3 | ||
| 082 | _a225.7 SDD | ||
| 100 | _a苏达多 | ||
| 245 |
_a生活观自在 _c |
||
| 250 | _a初版 | ||
| 260 |
_a台湾 _b汉欣文化事业有限公司 _c2008 |
||
| 300 | _b221 | ||
| 490 | _a心灵洗涤丛书: PD01 | ||
| 650 | _a佛教修持 | ||
| 942 |
_cBK _o225.7 SDD |
||
| 999 |
_c35938 _d35928 |
||